Education and corporate social responsibility international perspectives /

Bibliographic Details
Corporate Author: ProQuest (Firm)
Other Authors: Ahmad, Jamilah., Crowther, David.
Format: Electronic eBook
Language:English
Published: Bingley [England] : Emerald : Social Responsibility Research Network, 2013.
Edition:1st ed.
Series:Developments in corporate governance and responsibility ; 4.
Subjects:
Online Access:Click to View
LEADER 01685nam a2200409 a 4500
001 EBC1126618
003 MiAaPQ
005 20200520144314.0
006 m o d |
007 cr cn|||||||||
008 130304s2013 enka sb 001 0 eng d
020 |z 9781781905890 
020 |a 9781781905906 (electronic bk.) 
035 |a (MiAaPQ)EBC1126618 
035 |a (Au-PeEL)EBL1126618 
035 |a (CaPaEBR)ebr10659945 
035 |a (CaONFJC)MIL447218 
035 |a (OCoLC)828700671 
040 |a MiAaPQ  |c MiAaPQ  |d MiAaPQ 
050 4 |a LC191  |b .E38 2013 
082 0 4 |a 370.115  |2 23 
245 0 0 |a Education and corporate social responsibility  |h [electronic resource] :  |b international perspectives /  |c edited by Jamilah Ahmad, David Crowther. 
250 |a 1st ed. 
260 |a Bingley [England] :  |b Emerald :  |b Social Responsibility Research Network,  |c 2013. 
300 |a viii, 303 p. :  |b ill. 
490 1 |a Developments in corporate governance and responsibility,  |x 2043-0523 ;  |v v. 4 
504 |a Includes bibliographical references and index. 
505 0 |a pt. 1. Theoretical perspectives -- pt. 2. International experiences. 
533 |a Electronic reproduction. Ann Arbor, MI : ProQuest, 2015. Available via World Wide Web. Access may be limited to ProQuest affiliated libraries. 
650 0 |a Education  |x Social aspects. 
650 0 |a Social responsibility of business. 
655 4 |a Electronic books. 
700 1 |a Ahmad, Jamilah. 
700 1 |a Crowther, David. 
710 2 |a ProQuest (Firm) 
830 0 |a Developments in corporate governance and responsibility ;  |v 4. 
856 4 0 |u https://ebookcentral.proquest.com/lib/matrademy/detail.action?docID=1126618  |z Click to View